[Event "Junior Online 4NCL Division 3"]
[Site "online"]
[Date "2022.02.03"]
[EventDate "2022.02.03"]
[Round "2.148"]
[White "Gould, Charlie"]
[WhiteElo "952"]
[WhiteTeam "KEGS B"]
[Black "Gelmini, Leonardo"]
[BlackElo "1032"]
[BlackTeam "Muswell Hill Knights"]
[Result "0-1"]
[PlyCount "42"]

1. e4 c5 2. Nc3 g6 3. Nf3 Bg7 4. Bc4 Nc6 5. O-O e6 6. d3 Nge7 7. Bg5 O-O 8. h3 h6 9. Bxe7 Qxe7 10. a4 Nd4 11. Nh4 Qxh4 12. a5 Qe7 13. a6 bxa6 14. Rxa6 Bxa6 15. Bxa6 Qd6 16. Bb7 Rab8 17. Qd2 Rxb7 18. Ra1 Rxb2 19. Qc1 Rxc2 20. Qa3 Ra8 21. Qb3 Nxb3 0-1

[Event "Junior Online 4NCL Division 3"]
[Site "online"]
[Date "2022.02.03"]
[EventDate "2022.02.03"]
[Round "2.152"]
[White "Rajaram, Dilip"]
[WhiteElo "1306"]
[WhiteTeam "Chess Challengers C"]
[Black "Sharma, Reyansh"]
[BlackElo "1000"]
[BlackTeam "Charlton Lions"]
[Result "1-0"]
[PlyCount "111"]

1. e4 e5 2. Nf3 Nc6 3. Nc3 Nf6 4. Nxe5 Nxe5 5. d4 Nc6 6. d5 Ne5 7. f4 Ng6 8. e5 Ng8 9. f5 N6e7 10. d6 cxd6 11. exd6 Nxf5 12. Qe2+ Nfe7 13. dxe7 Bxe7 14. Nd5 Nf6 15. Nxf6+ gxf6 16. Bh6 Qa5+ 17. c3 Qe5 18. Qxe5 fxe5 19. Bg7 Rg8 20. Bxe5 Rg5 21. Bg3 Rg6 22. Bd3 Re6+ 23. Kd2 Bg5+ 24. Kc2 d5 25. Rhe1 Rxe1 26. Rxe1+ Be6 27. Bxh7 O-O-O 28. b4 d4 29. cxd4 Rxd4 30. a3 Rc4+ 31. Kd3 Bf4 32. Rxe6 fxe6 33. Kxc4 Bxg3 34. hxg3 Kd7 35. Kc5 b6+ 36. Kd4 Kd6 37. g4 e5+ 38. Ke4 Ke6 39. g5 a5 40. g6 Kf6 41. bxa5 bxa5 42. g4 a4 43. g5+ Kg7 44. Kxe5 Kh8 45. Kd4 Kg7 46. Kc4 Kh8 47. Kb4 Kg7 48. Kxa4 Kh8 49. Kb5 Kg7 50. a4 Kh8 51. a5 Kg7 52. a6 Kh8 53. Kb6 Kg7 54. a7 Kf8 55. a8=Q+ Kg7 56. Qg8# 1-0

[Event "Junior Online 4NCL Division 3"]
[Site "online"]
[Date "2022.02.03"]
[EventDate "2022.02.03"]
[Round "2.162"]
[White "Szajman, Adam"]
[WhiteElo "1117"]
[WhiteTeam "Edgware Gambits E"]
[Black "Ferdhaus, Yahya"]
[BlackElo "1124"]
[BlackTeam "Brentwood School B"]
[Result "0-1"]
[PlyCount "76"]

1. d4 e6 2. e4 d5 3. Nc3 dxe4 4. Nxe4 Nf6 5. Nxf6+ Qxf6 6. c3 g6 7. Nf3 Bg7 8. Be2 O-O 9. O-O Nc6 10. Bg5 Qf5 11. Be3 e5 12. h3 e4 13. Nh4 Qf6 14. g3 Bxh3 15. Re1 Rad8 16. Kh2 Bf5 17. Nxf5 Qxf5 18. Bg4 Qf6 19. Qd2 h5 20. Bg5 Qd6 21. Bxd8 hxg4 22. Bg5 Ne5 23. dxe5 Qxd2 24. Bxd2 Bxe5 25. Rxe4 Bd6 26. Rxg4 Kg7 27. Bf4 Bxf4 28. Rxf4 Rh8+ 29. Kg2 Rd8 30. Rd4 Re8 31. Kf3 c5 32. Re4 Rd8 33. Ke3 f5 34. Re7+ Kf6 35. Rxb7 Re8+ 36. Kf3 g5 37. Rxa7 g4+ 38. Kf4 Re4# 0-1

[Event "Junior Online 4NCL Division 3"]
[Site "online"]
[Date "2022.02.03"]
[EventDate "2022.02.03"]
[Round "2.163"]
[White "Van Enckevort, Noah"]
[WhiteElo "1034"]
[WhiteTeam "Brentwood School B"]
[Black "Tager, Maya"]
[BlackElo "1039"]
[BlackTeam "Edgware Gambits E"]
[Result "1-0"]
[PlyCount "33"]

1. d4 d5 2. e4 c6 3. Nc3 Nf6 4. exd5 cxd5 5. Nf3 Nc6 6. Ne5 Nxe5 7. dxe5 Nd7 8. Bf4 e6 9. Bb5 Be7 10. Qg4 g6 11. Rd1 a6 12. Bxd7+ Qxd7 13. Bg5 Bxg5 14. Qxg5 O-O 15. f4 d4 16. Ne4 b6 17. Nf6+ 1-0

[Event "Junior Online 4NCL Division 3"]
[Site "online"]
[Date "2022.02.03"]
[EventDate "2022.02.03"]
[Round "2.164"]
[White "Bagchi, Aadi"]
[WhiteElo "978"]
[WhiteTeam "Edgware Gambits E"]
[Black "Kishore Kumar, Anushka"]
[BlackElo "1087"]
[BlackTeam "Brentwood School B"]
[Result "1-0"]
[PlyCount "73"]

1. e4 e5 2. Nf3 Nc6 3. Bc4 h6 4. O-O Nf6 5. d3 Be7 6. c3 O-O 7. d4 exd4 8. cxd4 d5 9. exd5 Nxd5 10. Bxd5 Qxd5 11. Re1 Qf5 12. d5 Bb4 13. Bd2 Bxd2 14. Qxd2 Qg6 15. dxc6 bxc6 16. Ne5 Qd6 17. Qxd6 cxd6 18. Nxc6 Kh8 19. Nc3 Rg8 20. Nd5 Bb7 21. Rec1 Rac8 22. Nde7 Bxc6 23. Nxc8 Rxc8 24. Re1 Rg8 25. Rac1 Ba8 26. Red1 d5 27. Rc7 a5 28. Ra7 g5 29. Rxa5 g4 30. Ra3 Re8 31. h3 gxh3 32. gxh3 Rg8+ 33. Kh2 d4 34. Rg3 Re8 35. Rxd4 Bc6 36. Rd6 Bd7 37. Rxh6# 1-0

[Event "Junior Online 4NCL Division 3"]
[Site "online"]
[Date "2022.02.03"]
[EventDate "2022.02.03"]
[Round "2.166"]
[White "Ferdhaus, Yahya"]
[WhiteElo "1124"]
[WhiteTeam "Brentwood School B"]
[Black "Szajman, Adam"]
[BlackElo "1117"]
[BlackTeam "Edgware Gambits E"]
[Result "1-0"]
[PlyCount "55"]

1. e4 e6 2. Nc3 d5 3. exd5 exd5 4. Nf3 Nf6 5. d4 Nc6 6. g3 Bb4 7. Bg2 O-O 8. O-O Re8 9. Bg5 h6 10. Bxf6 Qxf6 11. Nxd5 Qd6 12. Nxb4 Nxb4 13. c3 Nc6 14. Qd3 Bg4 15. Rae1 Bh5 16. d5 Ne5 17. Nxe5 Rxe5 18. f4 Rxd5 19. Qxd5 Qxd5 20. Bxd5 Rd8 21. Bxb7 Rd2 22. Re7 Rxb2 23. Be4 Kf8 24. Rxc7 Rxa2 25. Rf2 Ra1+ 26. Kg2 a5 27. Rd2 Ke8 28. Bc6+ 1-0

[Event "Junior Online 4NCL Division 3"]
[Site "online"]
[Date "2022.02.03"]
[EventDate "2022.02.03"]
[Round "2.167"]
[White "Tager, Maya"]
[WhiteElo "1039"]
[WhiteTeam "Edgware Gambits E"]
[Black "Van Enckevort, Noah"]
[BlackElo "1034"]
[BlackTeam "Brentwood School B"]
[Result "1-0"]
[PlyCount "89"]

1. e4 d5 2. exd5 c6 3. dxc6 Nxc6 4. Nf3 Nf6 5. Nc3 e5 6. Bb5 e4 7. Ne5 Qd6 8. Bxc6+ bxc6 9. Nc4 Qc5 10. Ne3 g5 11. O-O Bd6 12. Re1 Qe5 13. g3 h5 14. Nc4 Qd4 15. Nxd6+ Qxd6 16. Nxe4 Nxe4 17. Rxe4+ Be6 18. d3 f5 19. Re2 c5 20. Qe1 Kf7 21. Bxg5 Rhg8 22. Bf4 Qd5 23. Re5 Qd4 24. Rxe6 Rge8 25. Rxe8 Rxe8 26. Qc3 Qd7 27. Qxc5 Qb7 28. Qxf5+ Kg8 29. b3 Qg7 30. Rb1 Qc3 31. Qg6+ Kf8 32. Bd6+ Re7 33. Bxe7+ Kxe7 34. Qe4+ Kd6 35. Qg6+ Kc7 36. Qxh5 Qxc2 37. Qd1 Qxd1+ 38. Rxd1 a5 39. h4 Kc6 40. h5 Kc5 41. h6 Kd4 42. h7 Kc3 43. h8=Q+ Kc2 44. Qa1 a4 45. Qc1# 1-0

[Event "Junior Online 4NCL Division 3"]
[Site "online"]
[Date "2022.02.03"]
[EventDate "2022.02.03"]
[Round "2.168"]
[White "Kishore Kumar, Anushka"]
[WhiteElo "1087"]
[WhiteTeam "Brentwood School B"]
[Black "Bagchi, Aadi"]
[BlackElo "978"]
[BlackTeam "Edgware Gambits E"]
[Result "1-0"]
[PlyCount "53"]

1. e4 e5 2. Nf3 Nc6 3. Nc3 Nf6 4. Be2 Bc5 5. Nxe5 Nxe5 6. d4 Bxd4 7. Qxd4 d6 8. O-O Bh3 9. gxh3 O-O 10. Kh1 c5 11. Qd2 Qd7 12. Rg1 Qxh3 13. Qe3 Nfg4 14. Qxh3 Nxf2+ 15. Kg2 Nxh3 16. Kxh3 Rfe8 17. Bh6 g6 18. Bc4 Nxc4 19. Nd5 Rac8 20. Nf6+ Kh8 21. Nxe8 Rxe8 22. Rae1 Nd2 23. Ref1 Rxe4 24. Rxf7 Re3+ 25. Kg2 Re2+ 26. Kh1 Kg8 27. Rf8# 1-0

[Event "Junior Online 4NCL Division 3"]
[Site "online"]
[Date "2022.02.17"]
[EventDate "2022.02.17"]
[Round "3.11"]
[White "Kulkarni, Arnav"]
[WhiteElo "1033"]
[WhiteTeam "Young Dragons C"]
[Black "Twomey, Liam"]
[BlackElo "1812"]
[BlackTeam "Cork Juniors"]
[Result "1-0"]
[PlyCount "87"]

1. e4 d5 2. exd5 Nf6 3. Nf3 Qxd5 4. Nc3 Qd8 5. d4 e6 6. Be3 Bb4 7. Bd3 O-O 8. O-O Bxc3 9. bxc3 b6 10. Qd2 Bb7 11. Ne5 Nbd7 12. Nxd7 Qxd7 13. Rfe1 Rfd8 14. Bg5 Qe7 15. Qe3 h6 16. Bh4 Rd7 17. Bxf6 Qxf6 18. Rad1 Rad8 19. a3 Ba8 20. c4 a5 21. d5 Rd6 22. f3 c6 23. dxe6 Rxe6 24. Qxb6 Qd4+ 25. Qxd4 Rxd4 26. Rxe6 fxe6 27. Bh7+ Kxh7 28. Rxd4 Kg6 29. Kf2 Kf5 30. Ke3 e5 31. Rd7 c5 32. Rxg7 Bc6 33. Rc7 Ba4 34. Rxc5 Bxc2 35. Rxa5 h5 36. c5 Ke6 37. c6 Kd6 38. c7 Bf5 39. Rb5 Bd7 40. Rb7 Bc8 41. Rb4 Kxc7 42. Rc4+ Kd7 43. Rxc8 Kxc8 44. Ke4 1-0

[Event "Junior Online 4NCL Division 3"]
[Site "online"]
[Date "2022.02.17"]
[EventDate "2022.02.17"]
[Round "3.12"]
[White "Barot, Jwalant"]
[WhiteElo "1186"]
[WhiteTeam "Cork Juniors"]
[Black "Swartz, Edward RG"]
[BlackElo "1013"]
[BlackTeam "Young Dragons C"]
[Result "0-1"]
[PlyCount "38"]

1. e4 c5 2. Nf3 d6 3. d4 cxd4 4. Nxd4 Nc6 5. Nc3 Nf6 6. Bd3 e5 7. Nxc6 bxc6 8. f3 d5 9. exd5 cxd5 10. Ne2 Bc5 11. Bg5 O-O 12. Qd2 Qb6 13. Bxf6 Qxf6 14. h4 e4 15. fxe4 dxe4 16. Rf1 Qxb2 17. Rc1 exd3 18. Qxd3 Re8 19. Qc4 Qxc1# 0-1

[Event "Junior Online 4NCL Division 3"]
[Site "online"]
[Date "2022.02.17"]
[EventDate "2022.02.17"]
[Round "3.13"]
[White "Rein, Sam"]
[WhiteElo "650"]
[WhiteTeam "Young Dragons C"]
[Black "Cosgrove, Sean"]
[BlackElo "1195"]
[BlackTeam "Cork Juniors"]
[Result "0-1"]
[PlyCount "48"]

1. e4 c5 2. Nf3 Nc6 3. Bb5 a6 4. Bxc6 bxc6 5. d4 e6 6. c3 d5 7. Nbd2 dxe4 8. Nxe4 Nf6 9. Ned2 Bd6 10. O-O O-O 11. Re1 Qc7 12. Ne4 Nxe4 13. Rxe4 Bb7 14. Rg4 f5 15. Rg5 h6 16. Rh5 Qf7 17. Ne5 Qf6 18. Nd7 Qf7 19. Nxf8 Qxf8 20. Bxh6 gxh6 21. Qd2 Qg7 22. Rxh6 cxd4 23. cxd4 c5 24. dxc5 Qxg2# 0-1

[Event "Junior Online 4NCL Division 3"]
[Site "online"]
[Date "2022.02.17"]
[EventDate "2022.02.17"]
[Round "3.14"]
[White "Philip, Tom"]
[WhiteElo "939"]
[WhiteTeam "Cork Juniors"]
[Black "Kirktepeli, Burak"]
[BlackElo "650"]
[BlackTeam "Young Dragons C"]
[Result "1-0"]
[PlyCount "97"]

1. e4 e5 2. Nc3 Nf6 3. Nf3 Nc6 4. d3 d6 5. Bd2 Bg4 6. Be2 Be7 7. O-O O-O 8. b3 h6 9. h3 Bh5 10. Be3 Nb4 11. a3 Nc6 12. Nd5 Nxd5 13. exd5 Na5 14. Bd2 b6 15. Bxa5 bxa5 16. b4 axb4 17. axb4 Rb8 18. Rxa7 Rxb4 19. Qd2 Rb8 20. Qc3 c5 21. Qe1 Ra8 22. Rxa8 Qxa8 23. c4 Rb8 24. Nd2 Bxe2 25. Qxe2 Bd8 26. Nf3 Ba5 27. Ra1 Rb7 28. Nd2 Rb2 29. Rb1 Ra2 30. Qd1 Rxd2 31. Qc1 Rxd3 32. Qc2 Rc3 33. Qa2 e4 34. Rb5 Rc1+ 35. Kh2 e3 36. Rxa5 Qd8 37. Ra8 Qxa8 38. Qxa8+ Kh7 39. Qa2 f5 40. fxe3 g5 41. Qa7+ Kg6 42. Qd7 f4 43. Qxd6+ Kh5 44. exf4 g4 45. Qe5+ Kh4 46. Qf6+ Kh5 47. hxg4+ Kxg4 48. Qxh6 Rxc4 49. Qg5# 1-0

[Event "Junior Online 4NCL Division 3"]
[Site "online"]
[Date "2022.02.17"]
[EventDate "2022.02.17"]
[Round "3.15"]
[White "Twomey, Liam"]
[WhiteElo "1812"]
[WhiteTeam "Cork Juniors"]
[Black "Kulkarni, Arnav"]
[BlackElo "1033"]
[BlackTeam "Young Dragons C"]
[Result "1/2-1/2"]
[PlyCount "72"]

1. e4 e5 2. Nc3 Nf6 3. f4 d6 4. Nf3 exf4 5. d4 Bg4 6. Bxf4 d5 7. exd5 Nxd5 8. Nxd5 Qxd5 9. Bxc7 Nc6 10. c4 Qd7 11. Be5 Bb4+ 12. Kf2 Nxe5 13. Nxe5 Qf5+ 14. Nf3 Bxf3 15. Qxf3 Qxf3+ 16. Kxf3 O-O-O 17. d5 b5 18. Rc1 Kb7 19. Bd3 Kb8 20. b3 Rhe8 21. Rcd1 Re7 22. Bxh7 g6 23. Rd4 Rh8 24. d6 Rd7 25. c5 Bxc5 26. Rd5 Bxd6 27. Rhd1 Kc7 28. Rc1+ Kd8 29. Rcd1 Ke7 30. Re1+ Kf6 31. Red1 Ke6 32. R5d3 Rxh7 33. Re3+ Kf6 34. Red3 Ke6 35. Re3+ Kf6 36. Red3 Ke6 1/2-1/2

[Event "Junior Online 4NCL Division 3"]
[Site "online"]
[Date "2022.02.17"]
[EventDate "2022.02.17"]
[Round "3.16"]
[White "Swartz, Edward RG"]
[WhiteElo "1013"]
[WhiteTeam "Young Dragons C"]
[Black "Barot, Jwalant"]
[BlackElo "1186"]
[BlackTeam "Cork Juniors"]
[Result "0-1"]
[PlyCount "29"]

1. e4 e5 2. Nf3 Nc6 3. Bc4 Nf6 4. Ng5 Bc5 5. Nxf7 Bxf2+ 6. Kf1 Qe7 7. d3 Rf8 8. Kxf2 d5 9. Bxd5 Nxd5 10. exd5 Qxf7+ 11. Qf3 Qxd5 12. Re1 Rxf3+ 13. gxf3 Nd4 14. Bf4 Qxf3+ 15. Kg1 0-1

[Event "Junior Online 4NCL Division 3"]
[Site "online"]
[Date "2022.02.17"]
[EventDate "2022.02.17"]
[Round "3.18"]
[White "Kirktepeli, Burak"]
[WhiteElo "650"]
[WhiteTeam "Young Dragons C"]
[Black "Philip, Tom"]
[BlackElo "939"]
[BlackTeam "Cork Juniors"]
[Result "0-1"]
[PlyCount "58"]

1. e4 e5 2. Nf3 Nc6 3. Nc3 d6 4. Bc4 Bd7 5. O-O Be7 6. d3 Nf6 7. Bg5 O-O 8. Bxf6 Bxf6 9. Qd2 Nd4 10. Nxd4 exd4 11. Nd5 Bg5 12. Qe2 Be6 13. h3 Re8 14. Bb5 c6 15. Qh5 cxb5 16. c4 bxc4 17. dxc4 d3 18. Rad1 d2 19. f4 Bxd5 20. cxd5 g6 21. Qg4 Bh6 22. Rxd2 Qb6+ 23. Rdf2 Rxe4 24. Rc1 Rxf4 25. Rc8+ Rxc8 26. Qxc8+ Kg7 27. g3 Qxf2+ 28. Kh1 Qf1+ 29. Kh2 Rf2# 0-1

[Event "Junior Online 4NCL Division 3"]
[Site "online"]
[Date "2022.02.17"]
[EventDate "2022.02.17"]
[Round "3.21"]
[White "McInally, Aiden"]
[WhiteElo "1057"]
[WhiteTeam "Lenzie Dementors"]
[Black "Man, Felix"]
[BlackElo "1319"]
[BlackTeam "Muswell Hill Primary"]
[Result "1/2-1/2"]
[PlyCount "117"]

1. e4 e5 2. Nc3 Nf6 3. f4 d6 4. Nf3 Nc6 5. Bc4 Be6 6. Bb3 Na5 7. Bxe6 fxe6 8. fxe5 dxe5 9. d3 Nc6 10. O-O Bc5+ 11. Kh1 Ng4 12. Qe2 O-O 13. h3 Nf6 14. Bg5 h6 15. Bh4 Be7 16. Rae1 Nh7 17. Bxe7 Qxe7 18. Rf2 Nd4 19. Nxd4 exd4 20. Nd1 e5 21. Ref1 Rf6 22. a3 Raf8 23. Kg1 Qf7 24. Qg4 Rxf2 25. Rxf2 Nf6 26. Qf5 Nd7 27. Qxf7+ Rxf7 28. Rf5 Rxf5 29. exf5 Kf7 30. g4 Kf6 31. Nf2 h5 32. Kg2 g6 33. Ne4+ Kg7 34. fxg6 hxg4 35. hxg4 Kxg6 36. Kg3 c5 37. Nd6 b6 38. Nc8 a6 39. b3 b5 40. Nd6 Nf6 41. a4 Kg5 42. axb5 axb5 43. Nxb5 Nxg4 44. Nd6 Ne3 45. Ne4+ Kf5 46. c3 Nd5 47. cxd4 cxd4 48. Kf3 Nb4 49. Ke2 Kf4 50. Nd2 Kf5 51. Nf3 Kf4 52. Ne1 Kf5 53. Kd2 e4 54. dxe4+ Kxe4 55. Nc2 Nxc2 56. Kxc2 Kd5 57. Kd3 Kc5 58. b4+ Kxb4 59. Kxd4 1/2-1/2

[Event "Junior Online 4NCL Division 3"]
[Site "online"]
[Date "2022.02.17"]
[EventDate "2022.02.17"]
[Round "3.22"]
[White "Michener, Max"]
[WhiteElo "1365"]
[WhiteTeam "Muswell Hill Primary"]
[Black "Lukhi, Neev"]
[BlackElo "1003"]
[BlackTeam "Lenzie Dementors"]
[Result "0-1"]
[PlyCount "50"]

1. e4 e5 2. Nc3 Nf6 3. f4 d6 4. Nf3 Nc6 5. Bb5 a6 6. fxe5 dxe5 7. Bxc6+ bxc6 8. Nxe5 Qd6 9. d4 c5 10. Nf3 Qe6 11. d5 Qg4 12. O-O Be7 13. Ne5 Qxd1 14. Rxd1 O-O 15. Nc6 Re8 16. Bg5 Bb7 17. e5 Nxd5 18. Nxd5 Bxg5 19. Na5 Bxd5 20. Rxd5 Rad8 21. Rxc5 Be3+ 22. Kh1 Bxc5 23. Rf1 Rd2 24. Nb3 Rxc2 25. Rd1 Bb6 0-1

[Event "Junior Online 4NCL Division 3"]
[Site "online"]
[Date "2022.02.17"]
[EventDate "2022.02.17"]
[Round "3.23"]
[White "Al dakl alla, Human"]
[WhiteElo "1000"]
[WhiteTeam "Lenzie Dementors"]
[Black "Bagshaw, Freddie"]
[BlackElo "1105"]
[BlackTeam "Muswell Hill Primary"]
[Result "1-0"]
[PlyCount "53"]

1. e4 e5 2. Nf3 Nc6 3. Bc4 Nf6 4. Ng5 d5 5. exd5 Nxd5 6. Nxf7 Kxf7 7. Qf3+ Ke8 8. Bxd5 Qxd5 9. Qxd5 Bf5 10. d3 Rd8 11. Qf3 g6 12. O-O Bc5 13. Bg5 Rd7 14. Be3 Be7 15. Nc3 Rf8 16. Qe2 a6 17. f4 Bf6 18. fxe5 Bxe5 19. Bc5 Rff7 20. d4 Nxd4 21. Bxd4 Rxd4 22. Qxe5+ Re7 23. Qxd4 Bxc2 24. Rae1 Rxe1 25. Rxe1+ Kf8 26. Qd7 Bf5 27. Re8# 1-0

[Event "Junior Online 4NCL Division 3"]
[Site "online"]
[Date "2022.02.17"]
[EventDate "2022.02.17"]
[Round "3.24"]
[White "Capel, Yiannis"]
[WhiteElo "813"]
[WhiteTeam "Muswell Hill Primary"]
[Black "Lynn, Angelo"]
[BlackElo "900"]
[BlackTeam "Lenzie Dementors"]
[Result "0-1"]
[PlyCount "74"]

1. e4 c6 2. d4 d5 3. e5 Bf5 4. Nf3 e6 5. Nc3 Nd7 6. Bf4 Ne7 7. Bd3 Bg6 8. O-O a6 9. h3 c5 10. dxc5 Nc6 11. Re1 Bxc5 12. Qd2 Qe7 13. Rad1 O-O 14. a3 Rac8 15. b4 Ba7 16. b5 Ncb8 17. Na4 axb5 18. Bxb5 Rxc2 19. Qa5 Bxf2+ 20. Kf1 Bxe1 21. Qxe1 Nc6 22. Nd4 Nxd4 23. Bxd7 Rc4 24. Be3 Qxd7 25. Rxd4 Rxd4 26. Bxd4 Qxa4 27. Qg3 Qxd4 28. Qb3 Bd3+ 29. Ke1 Qe3+ 30. Kd1 Be2+ 31. Ke1 Qxb3 32. Kxe2 Rc8 33. Kf2 Rc2+ 34. Kg1 Qb2 35. Kh2 Rxg2+ 36. Kh1 Rh2+ 37. Kg1 Qf2# 0-1

[Event "Junior Online 4NCL Division 3"]
[Site "online"]
[Date "2022.02.17"]
[EventDate "2022.02.17"]
[Round "3.25"]
[White "Man, Felix"]
[WhiteElo "1319"]
[WhiteTeam "Muswell Hill Primary"]
[Black "McInally, Aiden"]
[BlackElo "1057"]
[BlackTeam "Lenzie Dementors"]
[Result "0-1"]
[PlyCount "148"]

1. e4 c6 2. d4 d5 3. exd5 cxd5 4. Bd3 Nc6 5. c3 Nf6 6. Qb3 e6 7. Bf4 Bd6 8. Bg3 O-O 9. Nf3 h6 10. Nbd2 Qc7 11. Bh4 Nd7 12. O-O-O Nb6 13. g4 Na5 14. Qb5 Nac4 15. Nxc4 Nxc4 16. Nd2 Nxd2 17. Rxd2 Bf4 18. g5 Bxd2+ 19. Kxd2 Qf4+ 20. Kd1 Qxh4 21. gxh6 Qxh6 22. Qb3 e5 23. Qxd5 Bg4+ 24. Kc2 exd4 25. Qxd4 Rad8 26. Qxg4 Qd6 27. Qe4 f5 28. Bc4+ Kh8 29. Qh4+ Qh6 30. Qxh6+ gxh6 31. Re1 Rfe8 32. Rg1 Rd6 33. Rg2 Red8 34. f3 Rf6 35. Rf2 Kg7 36. f4 Rdd6 37. Rd2 Rxd2+ 38. Kxd2 Rg6 39. Bd5 Rd6 40. c4 Kf6 41. Ke3 b6 42. b3 Rd8 43. h4 Rd7 44. Kd2 Rg7 45. Ke3 Rg4 46. Kd3 Rxh4 47. Ke3 Rh2 48. a3 Rb2 49. b4 Rb3+ 50. Kd4 Rxa3 51. c5 bxc5+ 52. bxc5 Ra1 53. c6 Rc1 54. Bg2 a5 55. Kd5 Ke7 56. Ke5 a4 57. Kxf5 a3 58. Bd5 Rc2 59. Kg6 a2 60. Bxa2 Rxa2 61. Kxh6 Ra6 62. Kg5 Rxc6 63. Kf5 Kf7 64. Ke5 Ra6 65. Kf5 Ra5+ 66. Ke4 Kf6 67. Kf3 Kf5 68. Ke3 Ra4 69. Ke2 Rxf4 70. Kd1 Rf2 71. Ke1 Ra2 72. Kd1 Ke4 73. Kc1 Kd3 74. Kd1 Ra1# 0-1

[Event "Junior Online 4NCL Division 3"]
[Site "online"]
[Date "2022.02.17"]
[EventDate "2022.02.17"]
[Round "3.26"]
[White "Lukhi, Neev"]
[WhiteElo "1003"]
[WhiteTeam "Lenzie Dementors"]
[Black "Michener, Max"]
[BlackElo "1365"]
[BlackTeam "Muswell Hill Primary"]
[Result "1-0"]
[PlyCount "99"]

1. d4 f5 2. Bf4 e6 3. Nc3 Nf6 4. e3 Bb4 5. Qd3 Bxc3+ 6. Qxc3 d6 7. Bd3 Nd5 8. Qd2 h5 9. Nh3 Nxf4 10. Nxf4 g5 11. Ne2 b6 12. Bb5+ Nd7 13. Bc6 Rb8 14. Nc3 Bb7 15. Bxb7 Rxb7 16. d5 e5 17. e4 f4 18. Ne2 Nf6 19. Qc3 Qd7 20. f3 g4 21. h3 g3 22. Nc1 Ke7 23. Nd3 Rc8 24. Nb4 c5 25. dxc6 Qd8 26. Qb3 Rbb8 27. Na6 Ra8 28. c7 Qd7 29. O-O-O Ne8 30. Qg8 Nxc7 31. Qg7+ Kd8 32. Nxc7 Rxc7 33. Qf8+ Qe8 34. Rxd6+ Rd7 35. Qf6+ Kc7 36. Rxd7+ Kxd7 37. Rd1+ Kc7 38. Qd6+ Kb7 39. Qd7+ Qxd7 40. Rxd7+ Kc6 41. Rh7 Kc5 42. Rxh5 Kd4 43. Kd2 Rd8 44. Ke2 Rc8 45. c3+ Kc4 46. Rxe5 Rc5 47. Rxc5+ Kxc5 48. Kd3 b5 49. h4 a5 50. h5 1-0

[Event "Junior Online 4NCL Division 3"]
[Site "online"]
[Date "2022.02.17"]
[EventDate "2022.02.17"]
[Round "3.27"]
[White "Bagshaw, Freddie"]
[WhiteElo "1105"]
[WhiteTeam "Muswell Hill Primary"]
[Black "Al dakl alla, Human"]
[BlackElo "1000"]
[BlackTeam "Lenzie Dementors"]
[Result "1/2-1/2"]
[PlyCount "84"]

1. e4 e6 2. Nf3 Nc6 3. Nc3 d5 4. d4 Bb4 5. a3 Bxc3+ 6. bxc3 dxe4 7. Nd2 Nf6 8. Bc4 O-O 9. O-O Qd6 10. Re1 e5 11. d5 Na5 12. Ba2 Bg4 13. f3 exf3 14. Nxf3 e4 15. h3 exf3 16. hxg4 fxg2 17. Kxg2 Rae8 18. Rh1 Ne4 19. Rh3 Nc6 20. Qd3 Nd8 21. Bd2 Qg6 22. Rh4 Nxd2 23. Qxd2 Re4 24. Kh3 Rfe8 25. Rg1 Re2 26. Qf4 R8e3+ 27. Rg3 Rxg3+ 28. Qxg3 Qe4 29. g5 Re3 30. Rxe4 Rxg3+ 31. Kxg3 Kf8 32. Bb3 h6 33. Ba4 c6 34. dxc6 bxc6 35. gxh6 gxh6 36. Rh4 Kg7 37. Rg4+ Kf6 38. c4 c5 39. Rf4+ Kg5 40. Rg4+ Kf6 41. Rf4+ Kg7 42. Rg4+ Kf6 1/2-1/2

[Event "Junior Online 4NCL Division 3"]
[Site "online"]
[Date "2022.02.17"]
[EventDate "2022.02.17"]
[Round "3.28"]
[White "Lynn, Angelo"]
[WhiteElo "900"]
[WhiteTeam "Lenzie Dementors"]
[Black "Capel, Yiannis"]
[BlackElo "813"]
[BlackTeam "Muswell Hill Primary"]
[Result "1-0"]
[PlyCount "129"]

1. e4 c5 2. Nf3 Nc6 3. d4 cxd4 4. Nxd4 e5 5. Nxc6 bxc6 6. Nc3 Nf6 7. Bd3 Bb4 8. Qe2 d5 9. exd5 cxd5 10. Qxe5+ Be6 11. Bd2 O-O 12. O-O h6 13. Qg3 Kh8 14. a3 Bxc3 15. Bxc3 Bd7 16. Rfe1 Bc6 17. Rad1 d4 18. Bd2 Rb8 19. b3 a5 20. Bf4 Rc8 21. Be5 Rg8 22. Qh4 Qd5 23. Qg3 Nh5 24. Be4 Nxg3 25. Bxd5 Bxd5 26. Bxg3 Rxc2 27. Rxd4 Bxb3 28. h3 Rgc8 29. Rd3 Bc4 30. Rd7 g5 31. Be5+ Kh7 32. Ra7 Rc5 33. Bd4 Rd5 34. Bb6 Rcd2 35. Rxf7+ Kg6 36. Ra7 Rd1 37. Rxd1 Rxd1+ 38. Kh2 Rb1 39. Bxa5 Rb3 40. Bb4 Kf6 41. Rc7 Be6 42. Rc6 Ke5 43. Bf8 Bd5 44. Ra6 h5 45. a4 Bc4 46. Ra7 Ra3 47. a5 Kd5 48. Bxa3 g4 49. hxg4 hxg4 50. Rb7 g3+ 51. Kxg3 Kc6 52. Rb6+ Kd5 53. a6 Bxa6 54. Rxa6 Kd4 55. Re6 Kc3 56. Re4 Kd3 57. Kf3 Kc2 58. g4 Kd2 59. g5 Kc3 60. g6 Kd2 61. g7 Kc2 62. g8=Q Kd2 63. Qd5+ Kc2 64. Qc4+ Kd1 65. Qd3# 1-0

[Event "Junior Online 4NCL Division 3"]
[Site "online"]
[Date "2022.02.17"]
[EventDate "2022.02.17"]
[Round "3.31"]
[White "Bedretdinov, Rasul"]
[WhiteElo "1202"]
[WhiteTeam "Tetherdown Bishops"]
[Black "Matveev, Grigory"]
[BlackElo "1227"]
[BlackTeam "Desert Penguins Unicorn"]
[Result "0-1"]
[PlyCount "66"]

1. e4 c5 2. Nf3 d6 3. d4 cxd4 4. Nxd4 Nf6 5. Nc3 Nc6 6. f3 e5 7. Nb3 Be7 8. Be3 O-O 9. Qd2 Be6 10. O-O-O a6 11. g4 b5 12. g5 Nd7 13. h4 Nb6 14. h5 Nc4 15. Bxc4 bxc4 16. Na1 Nd4 17. g6 fxg6 18. hxg6 Nxf3 19. gxh7+ Kh8 20. Qg2 Rb8 21. Rdf1 Nh4 22. Rxf8+ Qxf8 23. Qe2 Nf3 24. Qg2 Nd4 25. Qg6 Qf7 26. Qg1 Rb5 27. Kd2 Nf3+ 28. Kd1 Nxg1 29. Rxg1 Qf3+ 30. Ne2 Qxe3 31. Rf1 Bg4 32. Re1 Rxb2 33. a3 Rb1# 0-1

[Event "Junior Online 4NCL Division 3"]
[Site "online"]
[Date "2022.02.17"]
[EventDate "2022.02.17"]
[Round "3.32"]
[White "Brandreth-Stroud, Cassian"]
[WhiteElo "1165"]
[WhiteTeam "Desert Penguins Unicorn"]
[Black "Kirk, Alex"]
[BlackElo "1131"]
[BlackTeam "Tetherdown Bishops"]
[Result "0-1"]
[PlyCount "90"]

1. e4 e5 2. Nf3 Nc6 3. Bb5 Nge7 4. Nc3 a6 5. Ba4 b5 6. Bb3 Ng6 7. Bd5 b4 8. Ne2 Qf6 9. d4 Bb7 10. Bg5 Qd6 11. dxe5 Ngxe5 12. Nxe5 Qxe5 13. Bf4 Qxb2 14. Rb1 Qf6 15. a3 Rb8 16. Bxc7 Rc8 17. Bb6 bxa3 18. Bd4 Nxd4 19. Bxb7 Nxc2+ 20. Kf1 Ne3+ 21. Ke1 Nxd1 22. Bxc8 Nb2 23. Ra1 Nd3+ 24. Kd2 Qd6 25. Ke3 Qc5+ 26. Nd4 Qxc8 27. Kxd3 Bb4 28. Rhc1 Qa8 29. Nc2 Bd6 30. Nxa3 Bxa3 31. Rxa3 d5 32. Rac3 dxe4+ 33. Ke2 O-O 34. Ke3 h6 35. f3 exf3 36. gxf3 Re8+ 37. Kf2 Qa7+ 38. Kg3 Kh7 39. Rc7 Qe3 40. Rxf7 Qxc1 41. h4 Qg1+ 42. Kh3 Re3 43. Rxg7+ Kxg7 44. h5 Rxf3+ 45. Kh4 Qg3# 0-1

[Event "Junior Online 4NCL Division 3"]
[Site "online"]
[Date "2022.02.17"]
[EventDate "2022.02.17"]
[Round "3.33"]
[White "Murphy, Sam"]
[WhiteElo "1154"]
[WhiteTeam "Tetherdown Bishops"]
[Black "Tengayev, Temir"]
[BlackElo "969"]
[BlackTeam "Desert Penguins Unicorn"]
[Result "1-0"]
[PlyCount "49"]

1. d4 d5 2. c4 e6 3. Nc3 Nc6 4. Nf3 Bb4 5. Bd2 Bxc3 6. Bxc3 Nf6 7. e3 dxc4 8. Bxc4 O-O 9. O-O a6 10. Qc2 b5 11. Bd3 Bb7 12. b4 a5 13. bxa5 Nxa5 14. Bxa5 Rxa5 15. Qc3 c6 16. Ne5 Ba6 17. Nxc6 Qc8 18. Qxa5 Qxc6 19. Rac1 Qd5 20. Qxa6 Ra8 21. Qxb5 Qxa2 22. Bc4 Qa7 23. Qb2 Ne4 24. Ra1 Qb7 25. Qxb7 1-0